| 000 | 00743nam a2200229 a 4500 | ||
|---|---|---|---|
| 001 | 000009703 | ||
| 003 | DO-SdBNP | ||
| 005 | 20240412074212.0 | ||
| 007 | ta | ||
| 008 | 091001s1987 dr a 001 p spa d | ||
| 040 |
_aDO-SdBNP _bspa _cBNPHU |
||
| 082 |
_aRD861.44 _bB253a _222 |
||
| 100 | 1 |
_aBarinas Coiscou, Sócrates, _d1916-2021 _924379 |
|
| 245 | 1 | 0 |
_aAntillas : _blas hijas del mar y dos tercios de una lágrima por patria / _cSócrates Barinas Coiscou. |
| 260 |
_aSanto Domingo : _bImpresos de calidad, _c1987. |
||
| 300 |
_a131 p. : _bil. ; _c21 cm. |
||
| 590 | _aInventariado, 2018/LP | ||
| 650 | 0 |
_aPoesía dominicana _966 |
|
| 650 | 0 |
_aLiteratura dominicana. _967 |
|
| 910 | _aValidado. Control de calidad BNPHU | ||
| 942 |
_2ddc _cLBS1 |
||
| 999 |
_c9463 _d9463 |
||